000 00538nam a2200193Ia 4500
005 20250508160318.0
008 008 250505s9999 xx 000 0 hin d
037 _aTextual
040 _aFEDL
_beng
_cFEDL
041 _ahin
_2hin
084 _a370.1, GAR
_qFEDL
100 _aGarg Sobha
_9768286
245 0 _aShiksha ke mul aadhar
260 _aAllahabad, India
_bRam Narayan Lal Beni Prasad
_c1970
300 _a472p.
650 _aEducation - Philosophy
942 _cTEXL
_h370.1, GAR
999 _c1363574
_d1363574